The Seven Kingdoms of Westeros Quiz Stats

Quiz Updated Apr 16, 2013

Challenge
Share
Tweet
Embed
Score 0/7 Timer 01:30
4 Plays Today
Kingdom Answer % Correct
The Kingdom of...The North
97.2%
The Kingdom of...Dorne
85%
The Kingdom of...The Iron Islands and the Riverlands
81.8%
The Kingdom of...The Vale
70.1%
The Kingdom of...The Reach
66.1%
The Kingdom of...The Stormlands
59.5%
The Kingdom of...The Westerlands
53.1%

You're not logged in!

Compare scores with friends on all Sporcle quizzes.
Join for Free
OR
Log In

You Might Also Like...

Show Comments

Extras

Top Quizzes Today


Score Distribution

Your Account Isn't Verified!

In order to create a playlist on Sporcle, you need to verify the email address you used during registration. Go to your Sporcle Settings to finish the process.

Report this User

Report this user for behavior that violates our Community Guidelines.

Details: